Responses for Show #1004 - Thursday, January 5, 1989

Cigus Vanni game 5.

Contestants

[<< previous game]

Diane Davis, a patient account representative from Alhambra, California

Andy Zax, a graduate student from Los Angeles, California

Cigus Vanni, a psychologist from Bala Cynwyd, Pennsylvania (whose 4-day cash winnings total $32,400)

[next game >>]

Jeopardy! Round responses

HOLIDAYS & OBSERVANCES
BUSINESS BIGGIES
NOTORIOUS
SPORTS TRIVIA
FOREIGN WORDS
THE ARTIST OF RECORD
    $100 18
Good Friday

Diane
    $100 9
McDonald's

Cigus
    $100 23
(Andy: What is World War I?)

World War II

AndyDiane
    $100 2
Boston Marathon

Cigus
    $100 1
(Cigus: What is toreador?)
...
(Alex: [*], matar.)

matador

CigusDiane
    $100 4
Bruce Springsteen

Andy
    $200 19
George Washington's Birthday

Diane
    $200 13
Fortune

Diane
    $200 24
(Alex: We've got a minute to go.)

Soviet Union

Andy
    $200 14
Zola Budd

Cigus
    $200 3
between us

Andy
    $200 5
Bette Midler

Cigus
    $300 20
(Diane: What is Groundhog's Day?)
(Alex: [*], yes.)

Groundhog Day

Diane
    $300 28
(B.F.) Goodrich

Cigus
    $300 25
Dracula

Cigus
    $300 15
NFL Draft

Triple Stumper
    $300 10
(Andy: What is absinthe?)

vermouth

Andy
Triple Stumper
    $300 6
Donna Summer

Andy
    $400 21
Three Kings' Day (Epiphany)

Cigus
    $400 29
Ford

Andy
    $400 26
Salem

Cigus
    $400 16
(Pittsburgh) Pirates

Cigus
    $400 11
cordon bleu

Andy
    $400 7
Joni Mitchell

Andy
    $500 22
Purim

Diane
    $500 30
(Andy: What is Procter & Gamble?)
(Diane: What is Colgate?)

Lever Brothers

AndyDiane
Triple Stumper
    $500 27
Borgias

Andy
    $500 17
Isiah Thomas

Cigus
    $600 12
(Andy: What is with, uh, [*]?)
[Andy's response was ruled incorrect and the decision was reversed after the break.]

commendation (praise)

Andy
    $500 8
(Alex: Nicely done.)
(Andy: Thank you.)

Elton John

Andy

Scores at the first commercial break (after clue 12):

Cigus Andy Diane
$300 $2,200 $100

Scores at the end of the Jeopardy! Round:

Cigus Andy Diane
$2,800 $2,700 $1,000

Double Jeopardy! Round responses

POLITICIANS
ANCIENT EGYPT
FRUITS
POETRY
ACTRESSES
"J.C."
    $200 6
Robert Dole

Andy
    $200 16
pharaoh

Cigus
    $200 1
cherries

Cigus
    $200 17
There's no place like home

Diane
    $200 22
Jeanette MacDonald

Andy
    $200 11
Jimmy Connors

Cigus
    $400 7
U2

Andy
    $400 24
beer

Diane
    $400 2
litchi nut

Andy
    $400 18
(Cigus: What is "Stopping by the Woods on a Snowy Evening?")
(Alex: [*], we'll give it to you.)

"Stopping by Woods on a Snowy Evening"

Cigus
    $400 23
(Alex: We've got a minute to go.)

Jill Clayburgh

Diane
    $400 12
junior college

Andy
    $600 8
William Proxmire

Cigus
    $600 25
(Andy: What is Egyptian Museum?)
(Diane: What is the British Museum?)
(Cigus: Ummm, what is [*]?)
[Laughter]

King Tut's tomb

CigusAndyDiane
    $600 3
grapes

Andy
    $600 19
Barbara Frietchie

Diane
    $600 28
[The end-of-round signal sounds.]

Barbra Streisand

Cigus
    $600 13
John Chancellor

Cigus
    $1,500 9
Edward Brooke

Cigus
    $800 26
Rosetta Stone

Diane
    $800 4
(Diane: What is casaba?)

cantaloupe (cantalupo)

Diane
Triple Stumper
    $800 20
(Andy: Who is Sheridan?)
(Cigus: Who is Rudyard Kipling?)

Robert Browning

CigusAndy
Triple Stumper
    $2,000 14
Justinian's Code

Cigus
    $1000 10
(Andy: What is Detroit?)

Cleveland

CigusAndy
    $1000 27
Nefertiti

Diane
    $1000 5
(Andy: What is a cranapple?)
(Cigus: What is a pomegranate?)

quince

CigusAndy
Triple Stumper
    $1000 21
Henry Wadsworth Longfellow

Triple Stumper
    $1000 15
James Caan

Diane

Scores at the end of the Double Jeopardy! Round:

Cigus Andy Diane
$8,900 $1,500 $4,000
(lock game)

[wagering suggestions for these scores]

Final Jeopardy! Round responses

WORLD RELIGION
AndyWhat is the U.S.A.?
$1,400
DianeWhat is Great Br
$3,999
CigusWhat is W. Germany?
$900
United States

Final scores:

Cigus Andy Diane
$8,000 $2,900 $1
5-day champion: $40,400 + Jeopardy! box game or computerized version 2nd place: Keller bedroom furniture & Waverly bedroom ensemble + Jeopardy! box game or computerized version 3rd place: Haviland porcelain service for four + Jeopardy! box game or computerized version

Game dynamics:

Coryat scores:

Cigus Andy Diane
$7,000 $1,400 $4,000
21 R
(including 2 DDs),
3 W
16 R
(including 1 DD),
7 W
14 R,
3 W

Combined Coryat: $12,400

[game clues] [game scores] [suggest correction]

Game tape date: 1988-10-04
The J! Archive is created by fans, for fans. Scraping, republication, monetization, and malicious use prohibited; this site may use cookies and collect identifying information. See terms. The Jeopardy! game show and all elements thereof, including but not limited to copyright and trademark thereto, are the property of Jeopardy Productions, Inc. and are protected under law. This website is not affiliated with, sponsored by, or operated by Jeopardy Productions, Inc. Join the discussion at JBoard.tv.